Statistiques concernant Les plus grands stades de France - Quiz

Cliquez ici pour prendre le quiz!

Statistiques générales

  • Ce quiz a été pris 140 fois
  • Le résultat moyen est 8 sur 10

Statistiques - réponses

CapacitéStade% Correct
67 394Stade Vélodrome, Marseille
98%
80 698Stade de France, St-Denis
95%
59 196Groupama Stadium, Décines-Charpieu
94%
47 929Parc des Princes, Paris
94%
50 187Stade Pierre Mauroy, Villeneuve d’Ascq
84%
42 115Matmut Atlantique, Bordeaux
78%
35 322Stade de la Beaujoire, Nantes
74%
36 178Allianz Riviera, Nice
73%
38 223Stade Bollaert-Delelis, Lens
68%
41 965Stade Geoffroy Guichard, St-Étienne
41%

Distribution des résultats

Percentile par nombre de réponses

% des personnes avec chaque résultat

Votre développement - résultats

Vous n’avez pas pris ce quiz